|
|
|
|
| LEADER |
00994nam a22002657a 4500 |
| 001 |
35248 |
| 003 |
BD-DhAAL |
| 005 |
20211201133023.0 |
| 008 |
190905r20061992si a|||| |||| 00| 0 eng d |
| 999 |
|
|
|c 41133
|d 41133
|
| 020 |
|
|
|a 9789812370006
|
| 020 |
|
|
|a 9812370005
|
| 040 |
|
|
|a BD-DhAAL
|
| 082 |
|
|
|a 510
|
| 100 |
|
|
|a Teh, Keng Seng
|9 34102
|
| 245 |
|
|
|a New syllabus mathematics workbook 1 /
|c Keng Seng Teh and Chin Keong Looi
|
| 260 |
|
|
|a Singapore :
|b Shing Lee Publishers,
|c 1992 [reprinted 2006]
|
| 300 |
|
|
|a iv, 148 pages :
|b illustrations ;
|c 25 cm.
|
| 526 |
|
|
|a BIED
|
| 541 |
|
|
|a Complimentary copy from BIED
|e 35248
|
| 650 |
|
|
|a Mathematics
|x Primary.
|9 34103
|
| 700 |
|
|
|a Looi, Chin Keong
|9 34104
|
| 852 |
|
|
|a Ayesha Abed Library
|c BIED Collection
|
| 942 |
|
|
|2 ddc
|c BK
|
| 952 |
|
|
|0 0
|1 0
|2 ddc
|4 0
|6 510_000000000000000_TEH
|7 0
|9 66159
|a BRACUL
|b BRACUL
|c GEN
|d 2019-09-05
|e Complimentary copy from BIED
|l 0
|o 510 TEH
|p 3010035248
|r 2019-09-05
|t 1
|w 2019-09-05
|y BK
|x Transferred from BIED to General Stacks
|